Kto strzelił bramke w tym finale ligi mistrzów ? - Statystyki

Ogólne statystyki
  • Ten quiz został rozwiązany 960 razy
    20 od ostatniego zresetowania
  • Średni wynik to 47 z 87
Statystyki odpowiedzi
Hint Odpowiedź % Poprawnych
Manchester UTD 1 = 0 Chelsea Cristiano Ronaldo
100%
Real 4 = 1 Atletico Cristiano Ronaldo
100%
Real 1 = 0 Juventus Cristiano Ronaldo
100%
Real 3 = 1 Juventus Cristiano Ronaldo
100%
Bayern 1 = 0 PSG Kingsley Coman
94%
Barcelona 2 = 0 Manchester UTD Lionel Messi
94%
Barcelona 2 = 1 Manchester UTD Lionel Messi
94%
Barcelona 2 = 1 Juventus Luis Suarez
94%
Liverpool 1 = 0 Tottenham Mohammed Salah
94%
Barcelona 3 = 1 Juventus Neymar
94%
Real 1 = 1 Liverpool Sadio Mane
94%
Real 2 = 1 Atletico Gareth Bale
88%
Real 2 = 1 Liverpool Gareth Bale
88%
Real 3 = 1 Liverpool Gareth Bale
88%
Real 1 = 0 Liverpool Karim Benzema
88%
Real 1 = 0 Liverpool Vinicius
88%
Real 2 = 0 BVB Vinicius
88%
PSG 1 = 0 Inter Achraf Hakimi
82%
Bayern 2 = 1 Borussia Arjen Robben
82%
Real 1 = 1 Atletico Sergio Ramos
82%
Real 1 = 0 Atletico Sergio Ramos
82%
PSG 2 = 0 Inter Desire Doue
76%
PSG 3 = 0 Inter Desire Doue
76%
Real 3 = 1 Atletico Marcelo
76%
Manchester City 1 = 0 Inter Rodri
76%
Barcelona 1 = 1 Juventus Alvaro Morata
71%
Real 2 = 1 Juventus Casemiro
71%
Real 1 = 0 BVB Dani Carvajal
71%
Chelsea 1 = 1 Bayern Didier Drogba
71%
Barcelona 1 = 0 Juventus Ivan Rakitić
71%
Bayern 1 = 0 Borussia Mario Mandzukic
71%
Real 1 = 1 Juventus Mario Mandzukic
71%
Barcelona 1 = 1 Arsenal Samuel Eto'o
71%
Barcelona 1 = 0 Manchester UTD Samuel Eto'o
71%
Chelsea 0 = 1 Bayern Thomas Muller
71%
Liverpool 3 = 3 Milan Xabi Alonso
71%
Real 0 = 1 Atletico Diego Godin
65%
Manchester UTD 1 = 1 Chelsea Frank Lampard
65%
Chelsea 1 = 0 Man City Kai Havertz
65%
Barcelona 1 = 1 Manchester United Wayne Rooney
65%
Porto 2 = 0 Monako Deco
59%
Inter 1 = 0 Bayern Diego Milito
59%
Inter 2 = 0 Bayern Diego Milito
59%
Bayen 1 = 1 Borussia Ilkay Gundogan
59%
Real 4 = 1 Juventus Marco Asensio
59%
Liverpool 0 = 1 Milan Paolo Maldini
59%
Milan 1 = 0 Liverpool Philippo Inzaghi
59%
Milan 2 = 0 Liverpool Phillipo Inzaghi
59%
Liverpool 1 = 3 Milan Steven Gerrard
59%
Real 2 = 1 Bayer Zinedine Zidane
59%
Barcelona 3 = 1 Manchester UTD David Villa
53%
Liverpool 2 = 0 Tottenham Divock Origi
53%
Barcelona 1 = 0 Manchester UTD Pedro
53%
Real 3 = 0 Valencia Raul
47%
Real 1 = 0 Bayer Raul
47%
PSG 5 = 0 Inter Senny Mayulu
47%
Real 1 =1 Atletico Yannick Carrasco
47%
Milan 2 = 1 Liverpool Dirk Kuyt
35%
Manchester Utd 2 = 1 Bayern Ole Gunnar Solskjaer
35%
Barcelona 0 = 1 Arsenal Sol Campbell
35%
Real 1 = 0 Valencia Fernando Morientes
29%
Liverpool 0 = 2 Milan Hernan Crespo
29%
Liverpool 0 = 3 Milan Hernan Crespo
29%
Borussia 2 = 1 Juventus Alessandro Del Piero
24%
Barcelona 2 = 1 Arsenal Juliano Belletti
24%
Liverpool 2 = 3 Milan Vladmir Smicer
24%
Borussia 3 = 1 Juventus Lars Ricken
18%
Real 1 = 1 Bayer Lucio
18%
Milan 4 = 0 Barcelona Marcel Desailly
18%
Bayern 0 = 1 Valencia Mendieta
18%
Ajax 1 = 0 Milan Patrick Kluivert
18%
Milan 1 = 0 Barcelona Daniele Massaro
12%
Milan 2 = 0 Barcelona Daniele Massaro
12%
Juventus 1 = 0 Ajax Fabrizio Ravanelli
12%
Juventus 1 = 1 Ajax Jari Litmanen
12%
Borussia 1 = 0 Juventus Karl-Heinz Riedle
12%
Borussia 2 = 0 Juventus Karl-Heinz Riedle
12%
PSG 4 = 0 Inter Kvicha Kvaratshkelia
12%
Manchester Utd 0 = 1 Bayern Mario Bassler
12%
Real 1 = 0 Juventus Predrag Mijatović
12%
Bayern 1 = 1 Valencia Stefan Effenberg
12%
Real 2 = 0 Valencia Steve McManaman
12%
OM 1 = 0 Milan Basile Boli
6%
Porto 1 = 0 Monako Carlos Alberto
6%
Milan 3 = 0 Barcelona Dejan Savićević
6%
Porto 3 = 0 Monako Dmitriy Aleniczew
6%
Manchester utd 1 = 1 Bayern Teddy Sheringam
6%
Nie znaleziono quizów pasujących do podanych kryteriów
Rozkład punktacji
Procent ludzi z każdym wynikiem
Percentyl według liczby udzielonych odpowiedzi
Twoja historia wyników
Nie rozwiązałeś tego quizu od ostatniego zresetowania